000 00230nam a22000857a 4500
008 160915b xxu||||| |||| 00| 0 eng d
100 _9544
_aSharma.S.C
245 _aFinancial Statements-XII
260 _aNew Delhi
_bABD. publications
_c2011
999 _c3201
_d3201